MUNA - guess the song with no hints - Statistics

General Stats
  • This quiz has been taken 83 times
  • The average score is 84 of 166
Answer Stats
Answer % Correct
I
94%
a
91%
you
87%
the
81%
The
81%
and
74%
me
74%
on
74%
it
65%
It
65%
my
63%
to
63%
love
57%
one
57%
in
56%
be
54%
I'm
54%
Now
52%
us
50%
by
48%
like
48%
Like
48%
this
48%
feel
46%
home
46%
is
46%
loose
46%
that
46%
where
46%
could
44%
garment
44%
was
44%
way
44%
wear
44%
knew
43%
let
43%
up
43%
would
43%
had
41%
just
41%
out
41%
sadness
41%
Used
41%
choker
39%
throat
39%
with
39%
come
37%
draped
37%
flow
37%
myself
37%
Shooting
37%
Yeah
37%
cried
35%
hard
35%
summer
35%
Tonight
35%
August
33%
before
33%
Didn't
33%
didn't
33%
enough
33%
for
33%
I'll
33%
Late
33%
reasons
33%
started
33%
still
33%
well
33%
we'll
33%
beautiful
31%
between
31%
change
31%
dinner
31%
disappointed
31%
first
31%
last
31%
pain
31%
pieces
31%
Took
31%
arrow
30%
broken
30%
hearted
30%
into
30%
keep
30%
second
30%
sprung
30%
them
30%
through
30%
birds
28%
hole
28%
river
28%
seasons
28%
We've
28%
blame
26%
feed
26%
break
24%
over
22%
paid
22%
No matching quizzes found
Score Distribution
Percent of People with Each Score
Percentile by Number Answered
Your Score History
You have not taken this quiz